000 00360nam a2200145Ia 4500
008 130318s9999 xx 000 0 und d
020 _a70482896
082 _a629.8 GOP/C
100 _aGopal, M
245 _aControl systems: Principles and design
250 _a2
260 _bTata McGraw Hill
_aNew Delhi
_c2006
300 _a971
650 _aCONTROL SYSTEMS
999 _c1165
_d1165